| 000 | 00750nam a2200229Ia 4500 | ||
|---|---|---|---|
| 005 | 20220114110542.0 | ||
| 008 | 210716s2009 xx 000 0 und d | ||
| 020 | _a978 93 5097 911 2 | ||
| 040 | _cAIMIT LIBRARY | ||
| 041 | _aeng | ||
| 082 |
_a332.1 _29 _bSRIR |
||
| 100 |
_aSrivastava, R M. _913075 |
||
| 245 |
_aManagement of Indian Financial Institutions: _cby R. M. Srivastava and Divya Nigam. |
||
| 250 | _a9th . ed .- | ||
| 260 |
_aNew Delhi: _bHimalaya Publishing House, _c2009. |
||
| 300 | _a704p. ; 28cm. | ||
| 650 |
_aBanking _913076 |
||
| 650 |
_aManagement of Financial Services in India _913077 |
||
| 650 |
_aManagement of Commercial Banks in India _913078 |
||
| 700 |
_aNigam, Divya. _913079 |
||
| 942 |
_2ddc _cBK _e9 _k332.1 SRIR |
||
| 999 |
_c209753 _d209753 |
||